Представление документа в формате MARC21

ПолеНазваниеЗначение
  Тип записи a
  Библиографический уровень m
001 Контрольный номер RU\infra-m\znanium\bibl\2230300
005 Дата корректировки 20260429142123.8
008 Кодируемые данные 251112s2025 RU g rus u
020 Индекс ISBN __
a ISBN 978-5-16-020462-8
020 Индекс ISBN __
a ISBN 978-5-16-113084-1 (электр. издание)
040 Источник каталогиз. __
a Служба первич. каталог. Общество с ограниченной ответственностью «ЗНАНИУМ»
041 Код языка издания __
a Код языка текста rus
044 Код страны публикации __
a Код страны публикации RU
080 Индекс УДК __
a Индекс УДК 336(075.32)
084 Индекс другой классификации/Индекс ББК __
2 Источник индекса rubbk
a Индекс другой классификации/Индекс ББК 65.26я723
084 Индекс другой классификации/Индекс ББК __
2 Источник индекса okso
a Индекс другой классификации/Индекс ББК 00.01.07
084 Индекс другой классификации/Индекс ББК __
2 Источник индекса okso
a Индекс другой классификации/Индекс ББК 00.02.26
100 Автор __
a Автор Гаджиев Н.Г.
q Полное имя Гаджиев Назирхан Гаджиевич
u Дополнение Дагестанский государственный университет
245 Заглавие __
a Заглавие Основы финансовой грамотности
b Продолж. заглавия Учебник
c Ответственность Дагестанский государственный университет; Рязанский государственный радиотехнический университет имени В.Ф. Уткина; Московский политехнический университет, ф-л Коломенский институт; Московский университет Министерства внутренних дел Российской Федерации имени В.Я. Кикотя, Рязанский филиал; Московский государственный технический университет им. Н.Э. Баумана Национальный исследовательский университет
250 Сведения об издании __
a Основные сведения об издании 1
260 Выходные данные __
a Место издания Москва
b Издательство ООО "Научно-издательский центр ИНФРА-М"
c Дата издания 2026
300 Физическое описание __
a Объем 245 с.
440 Серия __
a Серия Среднее профессиональное образование
520 Аннотация __
a Аннотация Финансовая грамотность в современном развитом и быстро меняющемся мире является одним из жизненно необходимых элемен тов в системе навыков и правил поведения. Учебник содержит шесть глав формирующих у студентов финансовую грамотность и способствующих развитию навыков принятия решений в области управления личными финансами. Рассматриваются современные финансовые услуги и финансовые продукты для населения виды финансовых нарушений и мошенничеств а также способы противодействия им. Отдельно затрагиваются практические аспекты налогообложения физических лиц способы защиты прав потребителей финансовых услуг. Соответствует требованиям федеральных государственных образовательных стандартов среднего профессионального образования последнего поколения. Для студентов средних профессиональных учебных заведений обучающихся по основным образовательным программам среднего профессионального образования.
521 Примеч. о цел. назн. __
a Примеч. о целев. назн. Среднее профессиональное образование
650 Тематические рубрики __
a Основная рубрика Экономика. Бухгалтерский учет. Финансы
x Основная подрубрика Финансы. Денежное обращение. Кредит
655 Указ. предметных рубрик (устаревшее) __
a Жанр/ форма (устаревшее) Учебник
700 Другие авторы __
a Другие авторы Коноваленко С.А.
q Полное имя Коноваленко Сергей Александрович
u Дополнение Московский университет Министерства внутренних дел Российской Федерации имени В.Я. Кикотя, Рязанский филиал
700 Другие авторы __
a Другие авторы Скрипкина О.В.
q Полное имя Скрипкина Ольга Викторовна
u Дополнение Рязанский государственный радиотехнический университет имени В.Ф. Уткина
700 Другие авторы __
a Другие авторы Мурзак Н.А.
q Полное имя Мурзак Наталия Александровна
u Дополнение Московский политехнический университет, ф-л Коломенский институт
700 Другие авторы __
a Другие авторы Вавилкина Н.А.
q Полное имя Вавилкина Надежда Александровна
u Дополнение Московский политехнический университет, ф-л Коломенский институт
700 Другие авторы __
a Другие авторы Гаврилова Т.М.
q Полное имя Гаврилова Татьяна Михайловна
u Дополнение Московский политехнический университет, ф-л Коломенский институт
700 Другие авторы __
a Другие авторы Князева О.В.
q Полное имя Князева Ольга Владимировна
u Дополнение Московский политехнический университет, ф-л Коломенский институт
700 Другие авторы __
a Другие авторы Ахмедова Х.Г.
q Полное имя Ахмедова Хамида Гаджиалиевна
u Дополнение Московский государственный технический университет им. Н.Э. Баумана Национальный исследовательский университет
700 Другие авторы __
a Другие авторы Киселева О.В.
q Полное имя Киселева Ольга Владимировна
u Дополнение Рязанский государственный радиотехнический университет имени В.Ф. Уткина
700 Другие авторы __
a Другие авторы Гаджиев Н.Г.
q Полное имя Гаджиев Назирхан Гаджиевич
u Дополнение Дагестанский государственный университет
856 Электронный адрес документа 4_
a Имя сервера/домена znanium.ru
m Помощь ebs_support@infra-m.ru
n Местонахождение сервера НИЦ ИНФРА-М
u URL https://znanium.ru/catalog/document?id=472066
856 Электронный адрес документа 48
a Имя сервера/домена znanium.ru
d Путь /cover/2230
f Электронное имя 2230300.jpg
q Тип электронного формата image/jpeg
u URL https://znanium.ru/cover/2230/2230300.jpg
911 __
u 0030=https://znanium.ru/catalog/document?id=472066
911 __
u 712a=Рязанский государственный радиотехнический университет имени В.Ф. Уткина
911 __
u 712a=Московский политехнический университет, ф-л Коломенский институт
911 __
u 712a=Московский университет Министерства внутренних дел Российской Федерации имени В.Я. Кикотя, Рязанский филиал
911 __
u 712a=Московский государственный технический университет им. Н.Э. Баумана Национальный исследовательский университет